Cuentos / (Registro nro. 8743)

Detalles MARC
000 -LIDER
fixed length control field 00891nam a22002657a 4500
003 - IDENTIFICACDOR DE NÚMERO DE CONTROL
control field DO-SdBNP
005 - DATE AND TIME OF LATEST TRANSACTION
control field 20240719100850.0
008 - ELEMENTOS DE LONGITUD FIJA
fixed length control field 151117b1987 sp |||| 00| 0 spa d
020 ## - ISBN
International Standard Book Number 8420725943
040 ## - FUENTE DE CATALOGACIÓN
Agencia que crea de manera original el registro BPMSU
Idioma de catalogación spa
Agencia que realiza la transcripción BPMSU
082 #4 - NÚMERO DE CLASIFICACIÓN DECIMAL DE DEWEY
Classification number 863.3
Item number A323c 1987
Edition number 22
100 1# - ASIENTO PRINCIPAL -- NOMBRE PERSONAL
Nombre personal Alas, Leopoldo,
Fechas asociadas con el nombre 1852-1901.
245 10 - MENCIÓN DE TITULO
Título Cuentos /
Mención de responsabilidad Leopoldo Alas Clarín; edición, introducción, notas, comentarios y apéndice Antonio Ferraz Martínez
260 ## - PUBLICACIÓN, DISTRIBUCIÓN, ETC. (PIE DE IMPRENTA)
Lugar de publicación, distribución, etc Madrid :
Nombre del editor, distribuidor, etc. Anaya,
Fecha de publicación, distribución, etc 1987.
300 ## - DESCRIPCIÓN FÍSICA
Extensión 151 p. :
Otros detalles físicos il., retrs. ;
Dimensiones 19 cm.
490 0# - MENCIÓN DE SERIES
Mención de serie Biblioteca didáctica Anaya
500 ## - NOTA GENERAL
Nota general Bibliografía : p. 149-151
500 ## - NOTA GENERAL
Nota general Incluye datos biográficos del autor.
590 ## - NOTA LOCAL
Texto de la nota local Inventariado, 2024/VM
650 #4 - ENCABEZAMIENTO DE MATERIA--TEMÁTICO
Término temático o nombre geográfico como elemento de entrada Cuentos españoles
650 #4 - ENCABEZAMIENTO DE MATERIA--TEMÁTICO
Término temático o nombre geográfico como elemento de entrada Literatura española
700 1# - ASIENTO SECUNDARIO -- NOMBRE PERSONAL
Nombre personal Martínez, Antonio Ferraz .
910 ## - VALIDACIÓN
Validación VMateo V. Control de calidad. BPMSU
942 ## - ADDED ENTRY ELEMENTS (KOHA)
Source of classification or shelving scheme Dewey Decimal Classification
Koha item type Libros
Existencias
Withdrawn status Lost status Source of classification or shelving scheme Damaged status Not for loan Collection code Home library Current library Date acquired Source of acquisition Total Checkouts Full call number Barcode Date last seen Price effective from Koha item type Copy number
    Dewey Decimal Classification     Colección General Biblioteca Pública Metropolitana Salomé Ureña Biblioteca Pública Metropolitana Salomé Ureña 11/17/2015 Donado Fundación Economía y Desarrollo   BPMSU CG 863.5 A323c 1987 BPMSU15110306 11/17/2015 11/17/2015 Libros  
    Dewey Decimal Classification     Colección General Biblioteca Pública Metropolitana Salomé Ureña Biblioteca Pública Metropolitana Salomé Ureña 11/17/2015 Donado Fundación Economía y Desarrollo   BPMSU CG 863.5 A323c 1987 BPMSU24070086 07/19/2024 11/17/2015 Libros e.2